| Tag |
First Indicator |
Second Indicator |
Subfields |
| LEADER |
00000cam a2200000 4500 |
| 001 |
in00000094817 |
| 005 |
20150927110548.0 |
| 008 |
740514s1966 eng u |
| 010 |
|
|
|a 66019461
|
| 035 |
|
|
|a (OCoLC)00884988
|
| 035 |
|
|
|9 AAL6691AM
|
| 040 |
|
|
|c CPL
|d TXA
|d UtOrBLW
|
| 041 |
1 |
|
|a eng
|a fre
|
| 049 |
|
|
|a TXAM
|c [850495]
|
| 050 |
0 |
0 |
|a TR15
|b .B6613
|
| 082 |
0 |
|
|a 770.9
|
| 100 |
1 |
|
|a Braive, Michel Francois.
|
| 245 |
1 |
4 |
|a The photograph ;
|b a social history /
|c [by] Michel F. Braive. [Translated from the French by David Britt].
|
| 264 |
|
1 |
|a New York :
|b McGraw-Hill,
|c [1966]
|
| 264 |
|
4 |
|c [©1966]
|
| 300 |
|
|
|a 367 pages :
|b (chiefly illustrations, facsimiles) ;
|c 31 cm.
|
| 336 |
|
|
|a text
|b txt
|2 rdacontent
|
| 337 |
|
|
|a unmediated
|b n
|2 rdamedia
|
| 338 |
|
|
|a volume
|b nc
|2 rdacarrier
|
| 500 |
|
|
|a Translation of L'age de la photographie; de Niepce a nos jours.
|
| 504 |
|
|
|a Bibliography: pages 363-364.
|
| 650 |
|
0 |
|a Photography
|x History.
|
| 999 |
|
|
|a MARS
|
| 999 |
f |
f |
|s 6934dcf1-6734-3fa2-961f-c66947a5a383
|i 0feef1fe-5c15-39bb-b805-b75ef5064fcd
|t 0
|
| 952 |
f |
f |
|p normal
|a Texas A&M University
|b College Station
|c Sterling C. Evans Library
|d Evans: Library Stacks
|t 0
|e TR15 .B6613
|h Library of Congress classification
|i unmediated -- volume
|m A14805621816
|
| 998 |
f |
f |
|a TR15 .B6613
|t 0
|l Evans: Library Stacks
|